00920nam a2200253 i 4500003000900000005001700009007000300026008004100029040003000070082000700100245006500107264004700172300004200219336002700261337003300288338002800321500007300349590002600422700004600448910001500494942001400509952012600523999001700649DO-SdBNP20240826135927.0ta240826b1970 mx d|||| |||| 00| 0 spa d aDO-SdBNPbspacBNPHUerda 422200aInvestigaciones y decisiones financieras y administrativas / aMéxico :bEditorial LIMUSA, S.A.,c1970. a276 páginas :bgráficos ;c24 cm. 2rdacontentatextobtxt 2rdamediaasin mediaciónbn 2rdacarrieravolumenbnc aIncluye referencias bibliográficas y notas al pie de las páginas aInventariado, 2024/BT aA. Robichek, Alexanderecompilador986406 abtavárez 2ddccLBS1 00102ddc56708DSaBNPHUbBNPHUcCTd2024-08-26eDonado por FUNDIl0oBNPHU GRp2024-5098r2024-08-26w2024-08-26yLBS1 c57549d57549